[Event "Mittelrhein Verbandsliga-W 16/17"]
[Site "Nordrheinwestfalen"]
[Date "2017.04.30"]
[Round "11.7"]
[White "Lambertz, Walter"]
[Black "Samraoui, Mehdi"]
[Result "1/2-1/2"]
[WhiteElo "1889"]
[BlackElo "1745"]
[PlyCount "23"]
[EventDate "2016.09.11"]
[EventType "team-tourn"]
[EventRounds "11"]
[EventCountry "GER"]
[SourceTitle "EXT 2022"]
[Source "ChessBase"]
[SourceDate "2021.10.06"]
[SourceVersion "1"]
[SourceVersionDate "2021.10.06"]
[SourceQuality "1"]
[WhiteTeam "Bergheim"]
[BlackTeam "Herzogenrath"]
[WhiteTeamCountry "GER"]
[BlackTeamCountry "GER"]

1. e4 e6 2. d4 d5 3. Nd2 Nf6 4. e5 Nfd7 5. Bd3 c5 6. c3 Nc6 7. Ne2 cxd4 8. cxd4 f6 9. exf6 Nxf6 10. Nf3 Bd6 11. 0-0 0-0 12. Bg5 1/2-1/2

[Event "Mittelrhein Verbandsliga-W 1112"]
[Site "Germany"]
[Date "2012.05.20"]
[Round "11.6"]
[White "Samraoui, Mehdi"]
[Black "Baldus, Alexander"]
[Result "1/2-1/2"]
[WhiteElo "2011"]
[BlackElo "1875"]
[PlyCount "160"]
[EventDate "2011.09.18"]
[EventType "team-tourn"]
[EventRounds "11"]
[EventCountry "GER"]
[SourceTitle "EXT 2013"]
[Source "ChessBase"]
[SourceDate "2012.11.22"]
[SourceVersion "1"]
[SourceVersionDate "2012.11.22"]
[SourceQuality "1"]
[WhiteTeam "Aachen Aufwaerts II"]
[BlackTeam "Pulheim"]
[WhiteTeamCountry "GER"]
[BlackTeamCountry "GER"]

1. d4 Nf6 2. Nf3 g6 3. Nbd2 Bg7 4. e4 d6 5. Bd3 0-0 6. 0-0 Nbd7 7. e5 dxe5 8. dxe5 Ng4 9. e6 Nde5 10. Nxe5 Nxe5 11. exf7+ Rxf7 12. Be2 Kh8 13. c3 Be6 14. Qa4 Bd5 15. Nc4 Bc6 16. Qc2 e6 17. Bh6 Nxc4 18. Bxg7+ Kxg7 19. Bxc4 Qg5 20. g3 Rd8 21. Rfd1 Rxd1+ 22. Rxd1 Qg4 23. Be2 Qh3 24. Bf1 Qh5 25. Bg2 Bxg2 26. Kxg2 Qf3+ 27. Kg1 e5 28. Rd3 Qf6 29. Qd2 h5 30. h4 Qe6 31. b3 Qf5 32. c4 c6 33. Re3 Rd7 34. Qe2 Re7 35. Qb2 Kf7 36. Kg2 Qe6 37. Re4 b5 38. f4 Qg4 39. Qc2 bxc4 40. fxe5 Qe6 41. bxc4 Kg7 42. Qc3 Kh7 43. Qe3 Kg7 44. a4 Kh7 45. Rf4 Kg7 46. Re4 Kh7 47. a5 Kg7 48. a6 Kh7 49. Rf4 Kg7 50. Rd4 c5 51. Rd5 Qxa6 52. Qxc5 Qa2+ 53. Qf2 Qxf2+ 54. Kxf2 Rc7 55. c5 Kf7 56. Ke3 a5 57. c6 Rxc6 58. Rxa5 Ke6 59. Kd4 Rb6 60. Ke4 Rb4+ 61. Kf3 Kf5 62. Ra6 Rb3+ 63. Kg2 Re3 64. Rf6+ Kxe5 65. Rxg6 Kd5 66. Rg5+ Re5 67. g4 Rxg5 68. hxg5 hxg4 69. Kg3 Ke6 70. Kxg4 Kf7 71. Kf4 Kg6 72. Kg4 Kg7 73. Kf5 Kf7 74. g6+ Kg7 75. Kg5 Kg8 76. Kf6 Kf8 77. Kf5 Kg7 78. Kg5 Kg8 79. Kf6 Kf8 80. g7+ Kg8 1/2-1/2

[Event "Mittelrhein Verbandsliga-W 1112"]
[Site "Germany"]
[Date "2012.04.15"]
[Round "9.4"]
[White "Samraoui, Mehdi"]
[Black "Voleske, Peter"]
[Result "1/2-1/2"]
[WhiteElo "2011"]
[BlackElo "1907"]
[PlyCount "57"]
[EventDate "2011.09.18"]
[EventType "team-tourn"]
[EventRounds "11"]
[EventCountry "GER"]
[SourceTitle "EXT 2013"]
[Source "ChessBase"]
[SourceDate "2012.11.22"]
[SourceVersion "1"]
[SourceVersionDate "2012.11.22"]
[SourceQuality "1"]
[WhiteTeam "Aachen Aufwaerts II"]
[BlackTeam "Aachen II"]
[WhiteTeamCountry "GER"]
[BlackTeamCountry "GER"]

1. d4 d5 2. Nf3 c6 3. c3 Nf6 4. Bf4 Bf5 5. e3 e6 6. Nbd2 Nbd7 7. Be2 Be7 8. Ne5 Nxe5 9. Bxe5 Bd6 10. Qb3 Rb8 11. Nf3 Bxe5 12. Nxe5 Nd7 13. Nxd7 Qxd7 14. Qa3 Ra8 15. c4 Qe7 16. Qc3 0-0 17. 0-0 dxc4 18. Qxc4 e5 19. Rfd1 Rfd8 20. dxe5 Qxe5 21. Qb3 Qe7 22. Bf3 Be6 23. Qa4 a6 24. Qa5 Rac8 25. b4 g6 26. a4 Qc7 27. Qxc7 Rxd1+ 28. Rxd1 Rxc7 29. Rd8+ 1/2-1/2

[Event "GER-ch Net qual4 U18"]
[Site "Playchess.com INT"]
[Date "2011.05.11"]
[Round "5"]
[White "Samraoui, Mehdi"]
[Black "Stephan, Michael"]
[Result "1-0"]
[WhiteElo "1986"]
[BlackElo "1702"]
[PlyCount "99"]
[EventDate "2011.05.11"]
[EventType "swiss (blitz)"]
[EventRounds "7"]
[EventCountry "GER"]
[SourceTitle "CBM 142 Extra"]
[Source "ChessBase"]
[SourceDate "2011.06.27"]
[SourceVersion "1"]
[SourceVersionDate "2011.06.27"]
[SourceQuality "1"]

1. d4 Nf6 2. Nf3 c5 3. c3 g6 4. Bf4 cxd4 5. cxd4 d6 6. Nc3 Bg7 7. e4 0-0 8. Bc4 a6 9. a4 Nh5 10. Be3 Qc7 11. Qe2 Bg4 12. Rc1 Bxf3 13. gxf3 Qa5 14. 0-0 Nc6 15. Qd2 Rac8 16. Be2 e5 17. d5 Nd4 18. Rfd1 Nb3 19. Qd3 Nxc1 20. Rxc1 f5 21. Bd2 Qd8 22. b4 f4 23. Bf1 Qg5+ 24. Bg2 Qe7 25. b5 axb5 26. Nxb5 Rxc1+ 27. Bxc1 Ra8 28. Qb3 Nf6 29. Ba3 Ra6 30. Bf1 Rb6 31. a5 Rxb5 32. Qxb5 Ne8 33. a6 bxa6 34. Qxa6 Qc7 35. Bb5 Kf8 36. Bxe8 Kxe8 37. Qxd6 Qxd6 38. Bxd6 Kd7 39. Bc5 Bf6 40. Kg2 Kc8 41. Kh3 Kb7 42. Kg4 Ka6 43. h4 Kb5 44. Bf8 Kc4 45. h5 Kd3 46. hxg6 hxg6 47. Bh6 Kc4 48. Bg5 Bg7 49. d6 Kc5 50. d7 1-0

[Event "GER-ch Net qual2 U18"]
[Site "Playchess.com INT"]
[Date "2011.05.04"]
[Round "2"]
[White "Zier, Oliver"]
[Black "Samraoui, Mehdi"]
[Result "1-0"]
[WhiteElo "2011"]
[BlackElo "1856"]
[PlyCount "109"]
[EventDate "2011.05.04"]
[EventType "swiss (blitz)"]
[EventRounds "7"]
[EventCountry "GER"]
[SourceTitle "CBM 142 Extra"]
[Source "ChessBase"]
[SourceDate "2011.06.27"]
[SourceVersion "1"]
[SourceVersionDate "2011.06.27"]
[SourceQuality "1"]

1. e4 c5 2. Nc3 e6 3. f4 d5 4. Nf3 Nf6 5. e5 Nfd7 6. d3 b6 7. Be2 Bb7 8. 0-0 Be7 9. Bd2 Nc6 10. Qe1 a6 11. a4 Qc7 12. Qg3 g6 13. Rae1 h6 14. Bd1 0-0-0 15. Ne2 Rdg8 16. d4 g5 17. fxg5 cxd4 18. Nexd4 hxg5 19. Nxc6 Bxc6 20. Nd4 Nxe5 21. Nxc6 Nxc6 22. Qxc7+ Kxc7 23. Rxf7 Kd8 24. Rxe6 Bc5+ 25. Be3 Nd4 26. Bxd4 Bxd4+ 27. Kf1 Rxh2 28. Bf3 Rh1+ 29. Ke2 Re8 30. Rxe8+ Kxe8 31. c3 Kxf7 32. Bxd5+ Kf6 33. cxd4 Ra1 34. b3 Ra2+ 35. Ke3 Rc2 36. g4 Rc1 37. Bc4 a5 38. Bd5 Re1+ 39. Kf3 Ke7 40. Bc4 Kd6 41. Kf2 Rd1 42. Ke3 Rg1 43. Kf3 Re1 44. Bg8 Re7 45. Bc4 Rc7 46. Ke4 Ra7 47. Kf5 Rg7 48. Kf6 Re7 49. Kxg5 Re3 50. Kf4 Ke7 51. Kxe3 Kf6 52. Kf4 Kg7 53. g5 Kf8 54. Kg4 Kg7 55. Kf5 1-0

[Event "BEL-ch U18/20"]
[Site "Houffalize"]
[Date "2011.04.20"]
[Round "6"]
[White "Samraoui, Mehdi"]
[Black "Godart, Francois"]
[Result "0-1"]
[WhiteElo "1992"]
[BlackElo "2259"]
[PlyCount "78"]
[EventDate "2011.04.17"]
[EventType "swiss"]
[EventRounds "9"]
[EventCountry "BEL"]
[SourceTitle "EXT 2012"]
[Source "ChessBase"]
[SourceDate "2011.11.24"]
[SourceVersion "1"]
[SourceVersionDate "2011.11.24"]
[SourceQuality "1"]

1. e4 c6 2. d4 d5 3. exd5 cxd5 4. Bd3 Nc6 5. c3 Qc7 6. Ne2 Bg4 7. Bf4 Qxf4 8. Nxf4 Bxd1 9. Kxd1 e6 10. g4 Bd6 11. Ng2 h5 12. g5 Nge7 13. f4 Kd7 14. Nd2 a6 15. h4 b5 16. Nf3 f6 17. a3 Rhb8 18. Kd2 a5 19. b4 Rb7 20. Kc2 Rc8 21. Kb2 e5 22. gxf6 gxf6 23. fxe5 fxe5 24. dxe5 Nxe5 25. Be2 Nxf3 26. Bxf3 Be5 27. Rac1 axb4 28. axb4 Rbc7 29. Bxh5 Rc4 30. Ka2 Kd6 31. Be2 Rxc3 32. Rxc3 Rxc3 33. Ne1 Nc6 34. Bd1 Nxb4+ 35. Kb1 Ra3 36. Kc1 Bc3 37. Nc2 Nd3+ 38. Kb1 Rb3+ 39. Ka2 Nc1# 0-1

[Event "BEL-ch U18/20"]
[Site "Houffalize"]
[Date "2011.04.18"]
[Round "3"]
[White "Vandevenne, Sander"]
[Black "Samraoui, Mehdi"]
[Result "0-1"]
[WhiteElo "2059"]
[BlackElo "1992"]
[PlyCount "96"]
[EventDate "2011.04.17"]
[EventType "swiss"]
[EventRounds "9"]
[EventCountry "BEL"]
[SourceTitle "EXT 2012"]
[Source "ChessBase"]
[SourceDate "2011.11.24"]
[SourceVersion "1"]
[SourceVersionDate "2011.11.24"]
[SourceQuality "1"]

1. e4 c5 2. c3 Nf6 3. e5 Nd5 4. d4 cxd4 5. cxd4 d6 6. f4 dxe5 7. fxe5 Nc6 8. Nc3 e6 9. Nf3 Bb4 10. Bd2 Nxd4 11. Bd3 Nxf3+ 12. Qxf3 Nxc3 13. bxc3 Be7 14. Bb5+ Bd7 15. Qxb7 Bxb5 16. Qxb5+ Qd7 17. Qxd7+ Kxd7 18. Rf1 f5 19. exf6 Bxf6 20. 0-0-0 Rhc8 21. Bg5+ Ke7 22. Bxf6+ gxf6 23. Rf3 h5 24. Rd4 Rc7 25. Rg3 Kf7 26. Kc2 Rac8 27. Rd6 h4 28. Re3 Re7 29. Rd4 Rg8 30. Re2 Rh8 31. Ree4 Rg8 32. Rg4 e5 33. Ra4 Rg5 34. Rxg5 fxg5 35. Kd3 Kg6 36. Ke4 Rc7 37. Ra6+ Kh5 38. Kxe5 Rxc3 39. Rxa7 Rc2 40. g3 h3 41. Kf5 Rf2+ 42. Ke4 Kg4 43. Ke3 Rxh2 44. a4 Kxg3 45. Rh7 Ra2 46. Rh5 g4 47. a5 Kg2 48. Rg5 g3 0-1

[Event "GER-ch42 Juniors email"]
[Site "GER email"]
[Date "2010.01.08"]
[Round "?"]
[White "Gustain, Marc"]
[Black "Samraoui, Mehdi"]
[Result "1/2-1/2"]
[WhiteElo "2064"]
[BlackElo "2433"]
[PlyCount "50"]
[EventDate "2010.01.15"]
[EventType "tourn (corr)"]
[EventRounds "12"]
[EventCountry "GER"]
[SourceTitle "Corr 2015"]
[Source "ChessBase"]
[SourceDate "2015.07.17"]
[SourceVersion "1"]
[SourceVersionDate "2015.07.17"]
[SourceQuality "1"]

1. e4 e6 2. d4 d5 3. Nc3 dxe4 4. Nxe4 Nd7 5. Nf3 Ngf6 6. Bg5 h6 7. Nxf6+ Nxf6 8. Bxf6 Qxf6 9. Bb5+ c6 10. Bd3 Bd6 11. Qe2 0-0 12. 0-0-0 Rd8 13. Kb1 c5 14. dxc5 Bxc5 15. Ne5 Bd6 16. Rhe1 Bxe5 17. Qxe5 Qxe5 18. Rxe5 Bd7 19. f3 Bc6 20. b4 Rac8 21. Kb2 b6 22. c4 Kf8 23. Kc3 Ke7 24. Ree1 g5 25. Bc2 Rxd1 1/2-1/2

[Event "GER-ch42 Juniors email"]
[Site "GER email"]
[Date "2010.01.08"]
[Round "?"]
[White "Huber, Martin"]
[Black "Samraoui, Mehdi"]
[Result "1/2-1/2"]
[WhiteElo "1762"]
[BlackElo "2433"]
[PlyCount "47"]
[EventDate "2010.01.15"]
[EventType "tourn (corr)"]
[EventRounds "12"]
[EventCountry "GER"]
[SourceTitle "Corr 2015"]
[Source "ChessBase"]
[SourceDate "2015.07.17"]
[SourceVersion "1"]
[SourceVersionDate "2015.07.17"]
[SourceQuality "1"]

1. e4 e6 2. d4 d5 3. Nc3 dxe4 4. Nxe4 Nd7 5. Nf3 Ngf6 6. Bg5 h6 7. Nxf6+ Nxf6 8. Bh4 c5 9. Bb5+ Bd7 10. Bxd7+ Qxd7 11. Qe2 Be7 12. dxc5 Qc6 13. 0-0 Qxc5 14. Ne5 Bd6 15. Nc4 Be7 16. Ne5 Bd6 17. Nc4 Bc7 18. Bxf6 gxf6 19. Rad1 f5 20. b3 0-0 21. Qh5 b5 22. Qxh6 bxc4 23. Qg5+ Kh7 24. Qh5+ 1/2-1/2

[Event "GER-ch42 Juniors email"]
[Site "GER email"]
[Date "2010.01.08"]
[Round "?"]
[White "Samraoui, Mehdi"]
[Black "Auburger, Kirstin"]
[Result "1/2-1/2"]
[WhiteElo "2433"]
[BlackElo "2189"]
[PlyCount "107"]
[EventDate "2010.01.15"]
[EventType "tourn (corr)"]
[EventRounds "12"]
[EventCountry "GER"]
[SourceTitle "Corr 2015"]
[Source "ChessBase"]
[SourceDate "2015.07.17"]
[SourceVersion "1"]
[SourceVersionDate "2015.07.17"]
[SourceQuality "1"]

1. d4 Nf6 2. Bf4 c5 3. e3 d5 4. c3 Nc6 5. Nd2 Bf5 6. Ngf3 Qb6 7. Nh4 Be6 8. Qc2 Nh5 9. Be5 Bd7 10. dxc5 Qxc5 11. Nhf3 f6 12. Bd4 Nxd4 13. Nxd4 e5 14. N4b3 Qc6 15. Be2 g6 16. 0-0 Be7 17. Rfc1 b5 18. Na5 Qb6 19. Ndb3 Rb8 20. Qd1 Be6 21. Bxh5 gxh5 22. Qxh5+ Bf7 23. Qf3 Qa6 24. Qe2 Bd8 25. a4 0-0 26. Rd1 Kh8 27. Rd2 Qb6 28. g3 bxa4 29. Rxa4 Be7 30. Nc1 Rfc8 31. Qg4 Qb5 32. Ra1 Qb6 33. Ne2 Bg6 34. b4 Be4 35. Nb3 Rc7 36. Rda2 Ra8 37. Ra6 Qb7 38. Nc5 Bxc5 39. bxc5 Rc6 40. Rxc6 Qxc6 41. Qh4 Kg7 42. g4 Qxc5 43. Ng3 Bg6 44. Ra6 Qe7 45. Nh5+ Bxh5 46. gxh5 Rf8 47. h3 Kh6 48. Kh2 Qf7 49. f4 exf4 50. Qxf4+ Kxh5 51. Rd6 Qg8 52. Rd7 Qg5 53. Qf3+ Kh6 54. Rxd5 1/2-1/2

[Event "GER-ch42 Juniors email"]
[Site "GER email"]
[Date "2010.01.08"]
[Round "?"]
[White "Samraoui, Mehdi"]
[Black "Hobert, Markus"]
[Result "1/2-1/2"]
[WhiteElo "2433"]
[BlackElo "2004"]
[PlyCount "49"]
[EventDate "2010.01.15"]
[EventType "tourn (corr)"]
[EventRounds "12"]
[EventCountry "GER"]
[SourceTitle "Corr 2015"]
[Source "ChessBase"]
[SourceDate "2015.07.17"]
[SourceVersion "1"]
[SourceVersionDate "2015.07.17"]
[SourceQuality "1"]

1. d4 d5 2. Nf3 Nf6 3. Bf4 c5 4. e3 Nc6 5. c3 Qb6 6. Qb3 c4 7. Qxb6 axb6 8. Na3 Na7 9. Nc2 Bf5 10. Nb4 e6 11. a3 h5 12. Be2 Ne4 13. Nd2 Nxd2 14. Kxd2 Nc6 15. h4 Be7 16. f3 b5 17. Rae1 Bg6 18. Bd1 Bxb4 19. cxb4 f6 20. Bh2 Kf7 21. Bd6 Rhd8 22. Bg3 e5 23. Bf2 Rh8 24. Rhg1 Bd3 25. g4 1/2-1/2

[Event "GER-ch42 Juniors email"]
[Site "GER email"]
[Date "2010.01.08"]
[Round "?"]
[White "Samraoui, Mehdi"]
[Black "Kattermann, Olaf"]
[Result "1-0"]
[WhiteElo "2432"]
[BlackElo "2170"]
[PlyCount "101"]
[EventDate "2010.01.15"]
[EventType "tourn (corr)"]
[EventRounds "12"]
[EventCountry "GER"]
[SourceTitle "Corr 2015"]
[Source "ChessBase"]
[SourceDate "2015.07.17"]
[SourceVersion "1"]
[SourceVersionDate "2015.07.17"]
[SourceQuality "1"]

1. d4 c6 2. e4 d5 3. exd5 cxd5 4. Bd3 Nc6 5. c3 Nf6 6. Bf4 Bg4 7. Qb3 Na5 8. Qc2 e6 9. Nd2 Bd6 10. Bxd6 Qxd6 11. Ngf3 Nc6 12. 0-0 Bh5 13. Rfe1 Bg6 14. Bxg6 hxg6 15. h3 Rh5 16. Qd3 Kf8 17. Qe3 Rc8 18. Rac1 Kg8 19. Ne5 Nd7 20. Nd3 Rh6 21. Nf3 Ne7 22. Qe2 Nf5 23. Qd2 Nf6 24. Qd1 Nd7 25. Qa4 Ra8 26. Qb4 Rb8 27. b3 Qxb4 28. cxb4 Nf6 29. Rc2 Rd8 30. Rec1 Nd6 31. h4 Nfe8 32. g3 Rd7 33. Nfe5 Rd8 34. a4 a6 35. Nf4 Rh7 36. f3 Rb8 37. Ng2 Rh6 38. g4 Ra8 39. Kf2 Rh8 40. Kg3 Rh7 41. Nd7 Rh8 42. Nb6 Rd8 43. Nf4 Kh7 44. Rc5 Rg8 45. Nd3 Rh8 46. Ne5 Rg8 47. Nc8 Rf8 48. Nxd6 Nxd6 49. Rc7 f5 50. g5 f4+ 51. Kg4 1-0

[Event "GER-ch Net final U18"]
[Site "Playchess.com INT"]
[Date "2009.06.21"]
[Round "4"]
[White "Begri, Felix"]
[Black "Samraoui, Mehdi"]
[Result "1-0"]
[WhiteElo "1710"]
[BlackElo "1831"]
[PlyCount "47"]
[EventDate "2009.06.21"]
[EventType "swiss (blitz)"]
[EventRounds "9"]
[EventCountry "GER"]
[SourceTitle "CBM 130 Extra"]
[Source "ChessBase"]
[SourceDate "2009.07.02"]
[SourceVersion "2"]
[SourceVersionDate "2009.07.15"]
[SourceQuality "1"]

1. e4 c5 2. Nf3 e6 3. d4 cxd4 4. Nxd4 Nc6 5. Nb5 d6 6. c4 a6 7. N5c3 Be7 8. b3 Nf6 9. Be2 0-0 10. 0-0 Qc7 11. f4 Rd8 12. Bb2 b6 13. f5 Ne5 14. fxe6 fxe6 15. Nd2 Bb7 16. a3 Bc6 17. b4 Qb7 18. b5 axb5 19. cxb5 Bxe4 20. Ncxe4 Nxe4 21. Bf3 Nxf3+ 22. Qxf3 d5 23. Qf7+ Kh8 24. Qxg7# 1-0

[Event "GER-ch Net final U18"]
[Site "Playchess.com INT"]
[Date "2009.06.21"]
[Round "1"]
[White "Samraoui, Mehdi"]
[Black "Tkachuk, Konstantyn"]
[Result "1/2-1/2"]
[WhiteElo "1831"]
[BlackElo "2214"]
[PlyCount "111"]
[EventDate "2009.06.21"]
[EventType "swiss (blitz)"]
[EventRounds "9"]
[EventCountry "GER"]
[SourceTitle "CBM 130 Extra"]
[Source "ChessBase"]
[SourceDate "2009.07.02"]
[SourceVersion "2"]
[SourceVersionDate "2009.07.15"]
[SourceQuality "1"]

1. d4 Nf6 2. Nf3 g6 3. Bg5 Bg7 4. e3 d6 5. c3 h6 6. Bh4 g5 7. Bg3 Ne4 8. Bd3 Nxg3 9. hxg3 e5 10. Nbd2 Nc6 11. Qb3 f5 12. e4 exd4 13. cxd4 Qf6 14. 0-0-0 Nxd4 15. Nxd4 Qxd4 16. exf5 Qc5+ 17. Kb1 Bxf5 18. Ne4 Qb6 19. Nxd6+ cxd6 20. Bxf5 Qxb3 21. axb3 Be5 22. Bg6+ Ke7 23. Rhe1 Kf6 24. Be4 Rab8 25. Rc1 Rhd8 26. Bd5 Rd7 27. f4 gxf4 28. gxf4 Bxf4 29. Re6+ Kg5 30. Rh1 h5 31. Bf3 h4 32. Rd1 Kf5 33. Re4 b6 34. Rd5+ Be5 35. Rxh4 Rg8 36. Rh5+ Rg5 37. Rxg5+ Kxg5 38. Rd2 Kf4 39. Rd3 Rh7 40. Rd5 Rh1+ 41. Kc2 Rf1 42. Rd2 Kg3 43. Re2 Kf4 44. Re4+ Kf5 45. Re3 Rf2+ 46. Re2 Rxe2+ 47. Bxe2 Kf4 48. Bf3 Ke3 49. Kb1 Kd2 50. Ka2 Kc1 51. Ka3 Bxb2+ 52. Kb4 a6 53. Ka4 Kc2 54. Be2 Kc1 55. Bxa6 Bd4 56. Bc4 1/2-1/2

[Event "GER-ch Net qual3 U18"]
[Site "Playchess.com INT"]
[Date "2009.05.17"]
[Round "4"]
[White "Bogenschuetze, Paul Max"]
[Black "Samraoui, Mehdi"]
[Result "1/2-1/2"]
[WhiteElo "2174"]
[BlackElo "1831"]
[PlyCount "193"]
[EventDate "2009.05.17"]
[EventType "swiss (blitz)"]
[EventRounds "7"]
[EventCountry "GER"]
[SourceTitle "CBM 130 Extra"]
[Source "ChessBase"]
[SourceDate "2009.07.02"]
[SourceVersion "2"]
[SourceVersionDate "2009.07.15"]
[SourceQuality "1"]

1. Nf3 g6 2. c4 Bg7 3. d4 c5 4. Nc3 cxd4 5. Nxd4 Nc6 6. e3 Nf6 7. Be2 0-0 8. 0-0 Nxd4 9. Qxd4 d6 10. Qd1 Be6 11. Rb1 Bf5 12. Bd3 Be6 13. b3 Nd7 14. Bb2 Nc5 15. Bc2 a6 16. Nd5 Bxb2 17. Rxb2 Bxd5 18. Qxd5 e6 19. Qd4 e5 20. Qd5 Qc7 21. Rd1 Rad8 22. Bb1 Kg7 23. Rbd2 f5 24. Bc2 a5 25. a3 Rf6 26. h3 f4 27. exf4 Rxf4 28. Re1 Rf6 29. Rxe5 dxe5 30. Qxd8 Qxd8 31. Rxd8 Rf7 32. Rd5 Ne6 33. Rxe5 Nd4 34. Bd1 Rd7 35. Rxa5 Re7 36. Kh2 Re1 37. Bg4 h5 38. Bd7 Re7 39. Ba4 h4 40. Rd5 Nc2 41. Rg5 Nxa3 42. Rg4 Re2 43. f3 Nc2 44. Re4 Ne3 45. Kg1 Rxg2+ 46. Kh1 Re2 47. Rxh4 Re1+ 48. Kh2 Re2+ 49. Kg1 Rg2+ 50. Kh1 Rf2 51. Re4 Rxf3 52. Bd7 Nc2 53. Re2 Nd4 54. Re7+ Kf6 55. Re4 Nxb3 56. Bg4 Rc3 57. Re6+ Kf7 58. Rb6 Nc5 59. Be2 Rc2 60. Bf3 Kg7 61. Bd5 Rc3 62. Rb5 Na4 63. Rxb7+ Kh6 64. Kg2 Rc2+ 65. Kg3 Nb2 66. Rb6 Nxc4 67. Rc6 Ne3 68. Rxc2 Nxc2 69. Kf4 Nd4 70. Bg2 g5+ 71. Ke5 Ne2 72. Kf6 Nf4 73. Bf1 Kh5 74. Kf5 Kh4 75. Kf6 Nh5+ 76. Kg6 Nf4+ 77. Kf5 Nh5 78. Kg6 Ng3 79. Bg2 Ne2 80. Kf5 Nf4 81. Bf1 Nd5 82. Ke4 Ne7 83. Ke5 Nc6+ 84. Ke4 Kg3 85. Kf5 Kh4 86. Ke4 Nb4 87. Kf5 Nc2 88. Ke4 Ne1 89. Ke3 Nc2+ 90. Kd3 Nb4+ 91. Ke4 Nc6 92. Kf5 Nd4+ 93. Ke4 Ne6 94. Kf5 Nf4 95. Kf6 Nxh3 96. Bxh3 g4 97. Bxg4 1/2-1/2

[Event "GER-ch Net qual1 U18"]
[Site "Playchess.com INT"]
[Date "2009.05.10"]
[Round "4"]
[White "Goetz, Martin"]
[Black "Samraoui, Mehdi"]
[Result "0-1"]
[WhiteElo "2080"]
[BlackElo "1831"]
[PlyCount "118"]
[EventDate "2009.05.10"]
[EventType "swiss (blitz)"]
[EventRounds "7"]
[EventCountry "GER"]
[SourceTitle "CBM 130 Extra"]
[Source "ChessBase"]
[SourceDate "2009.07.02"]
[SourceVersion "2"]
[SourceVersionDate "2009.07.15"]
[SourceQuality "1"]

1. d4 Nf6 2. c4 c5 3. e3 cxd4 4. exd4 d5 5. Nc3 Nc6 6. Nf3 Bg4 7. Be3 e6 8. Be2 Bd6 9. h3 Bh5 10. 0-0 0-0 11. a3 dxc4 12. Bxc4 Ne7 13. Be2 Ned5 14. Bg5 h6 15. Bh4 g5 16. Nxd5 Nxd5 17. Bg3 Bxg3 18. fxg3 Ne3 19. Qd2 Nxf1 20. Rxf1 Qd5 21. Kh2 Rad8 22. Rd1 Rd7 23. g4 Bg6 24. Ne5 Rd6 25. Nxg6 fxg6 26. Qd3 Kg7 27. Bf3 Qa5 28. Bxb7 Qc7 29. Qg3 Rd7 30. Ba6 Qxg3+ 31. Kxg3 Rfd8 32. Re1 Kf6 33. Bc4 Rd6 34. Rf1+ Ke7 35. Re1 Rc8 36. b3 a5 37. d5 a4 38. Re3 axb3 39. Bxb3 Ra8 40. Bc4 Ra4 41. Bb5 Rd4 42. dxe6 Rxe6 43. Rf3 Rde4 44. Kf2 Rf4 45. a4 Kd6 46. Kg3 Rxf3+ 47. gxf3 Re3 48. Kf2 Ra3 49. Kg3 Ke5 50. Bc6 h5 51. gxh5 gxh5 52. Be8 h4+ 53. Kg4 Kf6 54. Bd7 Ra1 55. Kh5 Rg1 56. Bg4 Ra1 57. Bd7 Ra3 58. Kg4 Kg6 59. f4 Rg3# 0-1

[Event "GER-ch Net qual1 U18"]
[Site "Playchess.com INT"]
[Date "2009.05.10"]
[Round "2"]
[White "Samraoui, Mehdi"]
[Black "Nonnenmacher, Lars"]
[Result "1-0"]
[WhiteElo "1831"]
[BlackElo "1497"]
[PlyCount "57"]
[EventDate "2009.05.10"]
[EventType "swiss (blitz)"]
[EventRounds "7"]
[EventCountry "GER"]
[SourceTitle "CBM 130 Extra"]
[Source "ChessBase"]
[SourceDate "2009.07.02"]
[SourceVersion "2"]
[SourceVersionDate "2009.07.15"]
[SourceQuality "1"]

1. e4 Nf6 2. e5 Nd5 3. c4 Nb6 4. d4 d6 5. exd6 exd6 6. Nf3 Bg4 7. h3 Bh5 8. g4 Bg6 9. Nc3 Nc6 10. Be3 Be7 11. Bd3 Bxd3 12. Qxd3 Nb4 13. Qe2 Nxc4 14. Qxc4 Nc2+ 15. Kd2 Nxa1 16. Rxa1 0-0 17. g5 Re8 18. h4 c6 19. h5 d5 20. Qd3 g6 21. Rh1 Qc7 22. hxg6 fxg6 23. Ne5 Bf8 24. Bf4 Qb6 25. Rxh7 Qxb2+ 26. Kd1 Qa1+ 27. Kc2 Rxe5 28. Qxg6+ Bg7 29. Qxg7# 1-0

[Event "NRW-ch U16"]
[Site "Kranenburg"]
[Date "2009.04.16"]
[Round "6"]
[White "Liu, Yi Nan Julian"]
[Black "Samraoui, Mehdi"]
[Result "1-0"]
[WhiteElo "1678"]
[BlackElo "1743"]
[PlyCount "76"]
[EventDate "2009.04.13"]
[EventType "swiss"]
[EventRounds "7"]
[EventCountry "GER"]
[SourceTitle "EXT 2010"]
[Source "ChessBase"]
[SourceDate "2010.11.25"]
[SourceVersion "1"]
[SourceVersionDate "2010.11.25"]
[SourceQuality "1"]

1. e4 c5 2. Nf3 d6 3. d4 cxd4 4. Nxd4 Nf6 5. Nc3 a6 6. Be2 e6 7. 0-0 Be7 8. Be3 Nbd7 9. Nb3 b5 10. f4 Bb7 11. Bf3 b4 12. Ne2 Bxe4 13. Bxe4 Nxe4 14. Qd4 d5 15. Qxg7 Bf6 16. Qh6 Bxb2 17. Rab1 Qf6 18. f5 Qxh6 19. Bxh6 Bc3 20. fxe6 fxe6 21. Nbd4 Ndc5 22. Nxc3 bxc3 23. Rb6 Ke7 24. Nc6+ Ke8 25. Ne5 Ke7 26. Nc6+ Ke8 27. Ne5 Rd8 28. Nf7 Ke7 29. Nxh8 Rxh8 30. Rf3 Rd8 31. Bc1 Nd2 32. Rxc3 Nce4 33. Rc7+ Kf6 34. Rxh7 Rf8 35. Bxd2 Nxd2 36. h3 Ke5 37. Re7 Rf1+ 38. Kh2 Kf4 1-0

[Event "NRW-ch U16"]
[Site "Kranenburg"]
[Date "2009.04.15"]
[Round "4"]
[White "Karthaeuser, Johannes"]
[Black "Samraoui, Mehdi"]
[Result "1/2-1/2"]
[WhiteElo "1729"]
[BlackElo "1743"]
[PlyCount "36"]
[EventDate "2009.04.13"]
[EventType "swiss"]
[EventRounds "7"]
[EventCountry "GER"]
[SourceTitle "EXT 2010"]
[Source "ChessBase"]
[SourceDate "2010.11.25"]
[SourceVersion "1"]
[SourceVersionDate "2010.11.25"]
[SourceQuality "1"]

1. e4 c5 2. c3 Nf6 3. e5 Nd5 4. d4 cxd4 5. Nf3 e6 6. cxd4 d6 7. a3 Qc7 8. Bd3 Nd7 9. Qc2 Qxc2 10. Bxc2 b6 11. Bd2 Bb7 12. Nc3 Rc8 13. Rc1 dxe5 14. Ba4 Bd6 15. Ne4 Rxc1+ 16. Bxc1 Ke7 17. Nxe5 Bxe5 18. dxe5 Nf4 1/2-1/2

[Event "NRW-ch U16"]
[Site "Kranenburg"]
[Date "2008.03.29"]
[Round "7"]
[White "Kartsev, Alexandr"]
[Black "Samraoui, Mehdi"]
[Result "1-0"]
[WhiteElo "1789"]
[BlackElo "1509"]
[PlyCount "59"]
[EventDate "2008.03.24"]
[EventType "swiss"]
[EventRounds "7"]
[EventCountry "GER"]
[SourceTitle "EXT 2009"]
[Source "ChessBase"]
[SourceDate "2008.11.26"]
[SourceVersion "1"]
[SourceVersionDate "2008.11.26"]
[SourceQuality "1"]

1. d4 Nf6 2. Bg5 g6 3. Bxf6 exf6 4. g3 Bg7 5. Bg2 0-0 6. c4 f5 7. e3 Nc6 8. Nc3 d6 9. Nge2 Bd7 10. 0-0 Re8 11. Rb1 a5 12. a3 h5 13. b4 axb4 14. axb4 Rb8 15. Qb3 b6 16. Rfd1 Qe7 17. Nf4 Bh6 18. Nce2 h4 19. c5 bxc5 20. Nxg6 Qf6 21. Nxh4 Rxb4 22. Qc2 Rxb1 23. Rxb1 f4 24. exf4 Nxd4 25. Nxd4 Qxd4 26. Nf5 Bxf5 27. Qxf5 Re2 28. Rf1 Re7 29. Rb1 Re2 30. Qg4+ 1-0